000 00616nam a2200217Ia 4500
003 OSt
005 20220926003005.0
006 a|||||r|||| 00| 0
007 ta
008 220923b |||||||| |||| 00| 0 eng d
020 _c595.00
037 _bIN4328, 22/04/2017, R K Books
_cGeneral Book
040 _aRTL
_cRTL
_beng
041 _2eng
_aeng
100 _aDUTTA Kirti
_9306740
245 0 _aIntegrated marketing communicators
260 _a New Delhi
_bOUP
_c2016
300 _axix,489p.
_ccm.
942 _cGB
_2CC
999 _c606651
_d606651